[Event "Canberra Sunday Summer"]
[Site "Canberra"]
[Date "2021.02.07"]
[Round "5"]
[White "Archer, Saffron"]
[Black "Milne, Erin"]
[Result "1-0"]
[WhiteElo "1709"]
[BlackElo "1139"]
[PlyCount "103"]
[EventDate "2021.01.10"]
[EventType "swiss"]
[EventRounds "7"]
[EventCountry "AUS"]
[SourceTitle "EXT 2022"]
[Source "ChessBase"]
[SourceDate "2021.10.06"]
[SourceVersion "1"]
[SourceVersionDate "2021.10.06"]
[SourceQuality "1"]

1. e4 d6 2. d4 Nf6 3. Nc3 g6 4. f4 Bg7 5. Bd3 0-0 6. Nf3 Re8 7. e5 dxe5 8. fxe5 Nd5 9. 0-0 Nc6 10. Qe2 Be6 11. Nxd5 Qxd5 12. c4 Nxd4 13. cxd5 Nxe2+ 14. Bxe2 Bxd5 15. Bf4 Rad8 16. Rac1 c6 17. b3 Be6 18. Rfd1 f6 19. Bc4 Bxc4 20. bxc4 Kf7 21. Kf2 Rf8 22. Ke1 Ke6 23. exf6 exf6 24. Rxd8 Rxd8 25. Rd1 Re8 26. Kf2 Rc8 27. Nd4+ Kf7 28. Nb3 Ke8 29. Nc5 b6 30. Ne6 Bh8 31. Rd6 Ke7 32. Nd4 c5 33. Rc6 Ra8 34. Rc7+ Kf8 35. Nc6 f5 36. Rxh7 Bf6 37. Ne5 Kg8 38. Rb7 Bxe5 39. Bxe5 Kf8 40. Rb8+ Rxb8 41. Bxb8 a6 42. Ba7 b5 43. cxb5 axb5 44. Bxc5+ Kf7 45. Kf3 Ke6 46. Kf4 Kf6 47. h4 Kf7 48. Ke5 Kg7 49. Be7 Kf7 50. Bg5 Kg7 51. Kd5 b4 52. Kc4 1-0